000
00354nam a2200157Ia 4500
005
20250425161250.0
008
250425s9999 xx 000 0 und d
041
_a
eng
082
_a
IBM4381
245
0
_a
K-THEORIE ALGENBRIQUE ET K-THEORIE
250
_a
S.E.
260
_a
S.L.
260
_a
Sin Pais
_b
UNBA
_c
1970
942
_c
01
010
_a
16467
999
_c
205753
_d
205753